00747nam a2200169 a 450000100100000000500170001000800410002704000250006808200140009311000980010724500680020526001450027330000200041804900090043895201130044799900170056000002788320200930031155.0110405s1971 dr 000 0 spa d aDO-SdBNPbspacBNPHU axxxbU58r1 aRepública DominicanabSecretaría de Estado de Educación Pública y Bellas Artes93665010aUnión ciclista internacional :breglas oficiales de ciclismo. aSanto Domingo :bSecretaría de Estado de Educación, Bellas Artes y Cultos :bDirección General de Educación Física Escolar,c1971. a79 p. ;c20 cm. aBNPD 00107-18PDaPDbPDcOId2011-04-05iLF1l0oxxx U58rp27883-10r2020-06-25w2020-06-25yLFPDZNo se presta c27375d27375